Lengua 7 /
Guardado en:
| Autor Principal: | |
|---|---|
| Otros Autores: | , |
| Formato: | Libro |
| Publicado: |
Buenos Aires :
Kapelusz,
2002
|
| Series: | Puntos suspensivos
|
| Materias: | |
| Etiquetas: |
Agregar Etiqueta
Sin Etiquetas, Sea el primero en etiquetar este registro!
|
| LEADER | 00950nam a22002655a 4500 | ||
|---|---|---|---|
| 001 | CEM.cems010877 | ||
| 005 | 20080228115739.0 | ||
| 008 | 130507s2002##################000#0#####d | ||
| 003 | CEMS | ||
| 020 | |a 9501309207 | ||
| 082 | 0 | 4 | |a Z468 |
| 100 | 1 | |a Bavio, Carmen | |
| 245 | 1 | 0 | |a Lengua 7 / |c Carmen Bavio ; maría Silvia Chozas y Silvia María Falbo. |
| 260 | |a Buenos Aires : |b Kapelusz, |c 2002 | ||
| 300 | |a 224 p. | ||
| 490 | 0 | |a Puntos suspensivos | |
| 500 | |a Para 7º año Egb. | ||
| 505 | 0 | |a La comunicación -- Ficción y no ficción -- Narraciones con moraleja -- La narrativa tradicional -- Descripciones e instrucciones -- El diálogo teatral -- El lenguaje poético -- Razonamientos y argumentos. | |
| 653 | |a Lengua | ||
| 653 | |a Lengua-egb | ||
| 653 | |a Comunicación | ||
| 653 | |a Narración | ||
| 700 | 1 | |a Chozas, María Silvia | |
| 700 | 1 | |a Falbo, Silvia María | |
| 859 | |a CEMS |b BIB. CEMS - 11 de abril |h Z468 |i B238 |p 21595.02 |t Ej.1 |v 7º |3 7º | ||
